00947nam a2200193 a 450000100100000000500170001000800410002702000180006804000250008610000380011124501770014926000230032630000200034970000340036995201170040395201110052095201050063199900170073600004030920201002034040.0130821s2010 mx 000 0 spa d a9786070220319 aDO-SdBNPbspacBNPHU1 aMonterde, Franciscod1894-96659610aFernando Calderón Beltrán :bdiscurso de ingreso a la Academia Mexicana de la Lengua, 5 de diciembre de 1951 /cFrancisco Monterde ; respuesta de Julio Jiménez Rueda. aMéxico :,c2010. a50 p. ;c18 cm.1 aJiménez Rueda, Julio966597 001052708MOaGRbGRcCTd2013-08-21iLF1l0o p40309-10r2020-06-25te. 3w2020-06-25y2ZPréstamo interno 001050718MOaGRbGRcCTd2013-08-21iLF1l0o p40309-20r2020-06-25te. 2w2020-06-25y1ZNo se presta 001050718MOaGRbGRcCTd2013-08-21iLF1l0o p40309-30r2020-06-25w2020-06-25y1ZNo se presta c39799d39799